UITU Library & LRC     

Applied Mathematics for Business Economics and the Social Sciences (Record no. 27162)

MARC details
000 -LEADER
fixed length control field 00469nam a2200169Ia 4500
008 - FIXED-LENGTH DATA ELEMENTS--GENERAL INFORMATION
fixed length control field 241115s9999 xx 000 0 und d
020 ## - INTERNATIONAL STANDARD BOOK NUMBER
International Standard Book Number 978-0-07-070655-2
082 ## - DEWEY DECIMAL CLASSIFICATION NUMBER
Classification number 510 BUD
100 ## - MAIN ENTRY--PERSONAL NAME
Personal name Budnick, Frank S.
245 #0 - TITLE STATEMENT
Title Applied Mathematics for Business Economics and the Social Sciences
250 ## - EDITION STATEMENT
Edition statement 4th
260 ## - PUBLICATION, DISTRIBUTION, ETC.
Place of publication, distribution, etc. New Delhi:
Name of publisher, distributor, etc. McGrew Hill
Date of publication, distribution, etc. 1993
300 ## - PHYSICAL DESCRIPTION
Extent xxv, 993p.
600 ## - SUBJECT ADDED ENTRY--PERSONAL NAME
Personal name Humanities & Natural Science
650 ## - SUBJECT ADDED ENTRY--TOPICAL TERM
Topical term or geographic name entry element Mathematics
942 ## - ADDED ENTRY ELEMENTS (KOHA)
Koha item type Book Bank Data
Holdings
Withdrawn status Lost status Damaged status Not for loan Collection Home library Current library Date acquired Source of acquisition Cost, normal purchase price Total checkouts Barcode Date last seen Price effective from Koha item type
        BB-Humanities & Basic Sciences UITU Library UITU Library 12/23/2022 FBC 190.00   BB2669 11/15/2024   Book Bank Data

Powered by Koha